| 000 | 005030000a22001930004500 | ||
|---|---|---|---|
| 001 | 004219 | ||
| 003 | MACL | ||
| 005 | 20150728153741.0 | ||
| 008 | 150728b xxu||||| |||| 00| 0 eng d | ||
| 040 |
_aMACL _cMACL |
||
| 041 | _aEnglish | ||
| 082 | _a332.12/NN | ||
| 100 |
_aNiyogi, Susanta _92894 |
||
| 245 |
_aThe Performance Of Nationalised Commercial Banks Of India _cSusanta Niyogi |
||
| 260 |
_aCalcutta _c2000 _bBest Books, |
||
| 350 | _a400 | ||
| 650 |
_aEconomics _92895 |
||
| 942 |
_k332 _cBK _2ddc |
||
| 999 |
_c16110 _d16110 |
||